000 01205aam a2200289 i 4500
999 _c47215
_d47215
001 768717001
003 CO-MdFUSB
005 20200116095535.0
008 160829t1992 us bho|f |||| 00| 0 eng d
020 _a0800625528
040 _aCO-MdFUSB
_bEspañol
_cCO-MdFUSB
_dCO-MdFUSB
_erda
041 _aeng
082 _224
_a296
_bN496s
100 1 _aNeusner, Jacob
_dAutor
245 1 0 _aA short history of Judaism :
_bThree meals, three epochs
_c/ Jacob Neusner
264 1 _aMinneapolis, Minnesota :
_bFortress Press,
_c[1992]
300 _axiii, 235 páginas
_c; 23 cm
336 _2rdacontent
_atexto
_btxt
337 _2rdamedia
_asin mediación
_bn
338 _2rdacarrier
_avolumen
_bnc
505 0 _aEl templo e Israel en su tierra. -- La formación del judaísmo por todas partes y todo el tiempo. -- La Torá e Israel por su cuenta. -- El éxito del judaísmo por todas partes y todo el tiempo. -- La estabilidad a largo plazo del judaísmo por todas partes y todo el tiempo. -- Israel entre las naciones: la edad de Judaísmos. -- Judaísmo en la América contemporánea.
653 _aJudaism
653 _aJudaísmo
942 _cBK
945 _aJTF-925